00904nam a2200277 i 4500001000300000100002700003245006700030260003600097300002100133490002100154500003600175504002600211650005600237655003000293830002100323020001500344040000800359041000700367080002200374920001800396942000700414008004100421999001700462856009800479952004900577bg1 aLIPIŃSKI, Aleksander10aPrawne podstawy ochrony środowiska /cAleksander Lipiński. aKraków :b"Zakamycze",c2002. a350 s. ;c24 cm.1 aSeria Akademicka aNa okł. podtyt.: podręcznik. aBibliogr. przy rozdz. 9aPrawo ochrony środowiskazPolskaystan na 2002 r. aPodręczniki akademickie aSeria Akademicka a8373330704 cBPK0 apl a349.6(438)(075.8) a83-7333-070-4 cKS s pl f |000 0 pol  c41897d41897 uhttp://koha.tu.koszalin.pl/cgi-bin/koha/opac-detail.pl?biblionumber=41897yKatalog online BPK 00104070aBPKbBPKcwo65114p01893991yKS